S exportnými úspechmi prídu do Raja ďalšie investície
Hospodárenie najväčšej slovenskej mliekarne Rajo, a.s. Bratislava v r. 2001. Rast tržieb, nákup mlieka. Zavedenie nových výrobkov, investície do moderných technológií. Nový nemecký väčšinový majiteľ Meggle. Export firmy. Príležitosti na trhoch reformných krajín.
Salvato in:
| Autore principale: | |
|---|---|
| Natura: | Capitolo di libro |
| Lingua: | slovacco |
| Soggetti: | |
| Tags: |
Nessun Tag, puoi essere il primo ad aggiungerne!!
|
MARC
| LEADER | 00000naa a2200000 4500 | ||
|---|---|---|---|
| 001 | r044036 | ||
| 005 | 20230921113234.2 | ||
| 041 | 0 | |a slo | |
| 044 | |a SK | ||
| 245 | 1 | 0 | |a S exportnými úspechmi prídu do Raja ďalšie investície |c Peter Kremský |
| 520 | |a Hospodárenie najväčšej slovenskej mliekarne Rajo, a.s. Bratislava v r. 2001. Rast tržieb, nákup mlieka. Zavedenie nových výrobkov, investície do moderných technológií. Nový nemecký väčšinový majiteľ Meggle. Export firmy. Príležitosti na trhoch reformných krajín. | ||
| 610 | 2 | 0 | |a hospodárenie finančné |
| 610 | 2 | 0 | |a hospodárenie podnikové |
| 610 | 2 | 0 | |a mlieko |
| 610 | 2 | 0 | |a priemysel mliekarský |
| 610 | 2 | 0 | |a výrobky nové |
| 610 | 2 | 0 | |a technológie nové |
| 610 | 2 | 0 | |a vývoz |
| 610 | 2 | 0 | |a investície zo zahraničia |
| 610 | 2 | 0 | |a Rajo, a.s. Bratislava |
| 610 | 2 | 0 | |a 2001 |
| 100 | 1 | |a Kremský, Peter | |